00731nam a22001817a 4500003000500000038001800005082000800023100002400031245018300055264003400238300002500272650003700297700004100334856005700375942001200432999001900444952008600463NUST aNusrat Nadeem a200 aJalil, Amna9125470 aMicrobiological and Molecular Evaluation of the Extra intestinal Pathogenic E. coli Isolates from Poultry, Bovine, and Human for Determining its Zoonotic Potential/cAmna Jalil,  aIslamabad;bASAB NUST;c2024. a376,p;bill;c30,cm. aPhD- Applied Biosciences9123210 aSupervised : Dr. Fazal Adnan9125471 uhttp://10.250.8.41:8080/xmlui/handle/123456789/46142 2ddccSC c611222d611222 00104070aCLbCLcTHEd2024-08-29l0o200pCLPT-642r2024-08-29w2024-08-29ySC